| 000 | 00755nam a22001697a 4500 | ||
|---|---|---|---|
| 003 | SGT | ||
| 020 | _a9788177392753 | ||
| 082 | _a657, GOE | ||
| 100 | _aGOEL, DK | ||
| 245 | _aFINANCIAL ACCOUNTING SEMESTER 1ST OF B.COM 1ST PASS COURSE AND HONS. ) | ||
| 250 | _a13TH | ||
| 260 |
_aNEW DELHI _bAVICHAL PUBLISHING COMPANY _c2012 |
||
| 300 | _aV. | ||
| 650 | _aACCOUNTING | ||
| 653 | _aMEANING, AND SCOPE OF ACCOUNTING, BASIC ACCOUNTING TERMS, ACCOUNTING PRINCIPLE, ACCOUNTING STANDARDS, DOUBLE ENTRY SYSTEM, RECORDING OF ACCOUNTING TRANSACTIONS, TRIAL BALANCE, CAPITAL AND REVENUE, FINAL ACCOUNTING, ERRORS AND THEIR RECTIFICATION, DEPREDATION,PROVISIONS AND RESERVES, ACCOUNTING OF NON-PROFIT ORGANISATIONS, VOYAGE ACCOUNTS | ||
| 942 |
_2ddc _cFCM _0104 |
||
| 999 |
_c9146 _d9146 |
||